000
00281nam a2200085Ia 4500
245
0
_a
Frequently asked questions about athletes and eating disorders
100
_a
Zahensky, Barbara A. New York, 2009 1st ed
_9
76388
942
_c
BK
008
210817s9999 xx 000 0 und d
999
_c
270631
_d
270630